General Studies 2013 Paper -1 : (Record no. 56253)
[ view plain ]
| 000 -LEADER | |
|---|---|
| fixed length control field | 00556nam a2200181Ia 4500 |
| 001 - CONTROL NUMBER | |
| control field | 56331 |
| 008 - FIXED-LENGTH DATA ELEMENTS--GENERAL INFORMATION | |
| fixed length control field | 130320n2013 ii |||gr||||Z||||||465 |
| 020 ## - INTERNATIONAL STANDARD BOOK NUMBER | |
| International Standard Book Number | 101259027155 |
| 082 ## - DEWEY DECIMAL CLASSIFICATION NUMBER | |
| Classification number | 001 |
| 245 #0 - TITLE STATEMENT | |
| Title | General Studies 2013 Paper -1 : |
| Remainder of title | For Civil Services Preliminary Examination / |
| Statement of responsibility, etc. | Tara Chand . |
| 250 ## - EDITION STATEMENT | |
| Edition statement | Ist ed. |
| 260 ## - PUBLICATION, DISTRIBUTION, ETC. | |
| Place of publication, distribution, etc. | Assam |
| Name of publisher, distributor, etc. | Tata Mcgraw-Hill Publishing Company Ltd |
| Date of publication, distribution, etc. | 2013 |
| 300 ## - PHYSICAL DESCRIPTION | |
| Dimensions | 23cm. |
| 653 ## - INDEX TERM--UNCONTROLLED | |
| Uncontrolled term | Civil Services Preliminary Examination / |
| 653 ## - INDEX TERM--UNCONTROLLED | |
| Uncontrolled term | G- Gen. Ref. Sec. |
| 700 ## - ADDED ENTRY--PERSONAL NAME | |
| Personal name | Chand , Tara , |
| Relator term | Coordinator. |
| 942 ## - ADDED ENTRY ELEMENTS (KOHA) | |
| Source of classification or shelving scheme | Dewey Decimal Classification |
| Koha item type | Books |
| Withdrawn status | Lost status | Damaged status | Not for loan | Collection | Home library | Current library | Shelving location | Date acquired | Coded location qualifier | Cost, normal purchase price | Total checkouts | Full call number | Barcode | Date last seen | Copy number | Price effective from | Koha item type |
|---|---|---|---|---|---|---|---|---|---|---|---|---|---|---|---|---|---|
| Dr. Suryya Kumar Bhuyan Library | Dr. Suryya Kumar Bhuyan Library | 20/03/2013 | 00000 | 1250.00 | 001 Ta 17 Ge | 2751/El | 14/01/2024 | 1 | 20/03/2013 | Books |
